| 000 | 00969cam a2200289u 4500 | ||
|---|---|---|---|
| 001 | 32394 | ||
| 003 | BD-RjUL | ||
| 005 | 20211209051829.0 | ||
| 008 | 140426r19631906enk 000 0 eng d | ||
| 035 | _a(BD-RjUL) 32483 | ||
| 040 |
_aDLC _cCarP _dDLC _dBD-RjUL _beng |
||
| 041 | _aeng | ||
| 082 | 0 | 4 |
_bZAF 1963 _a297.3 |
| 100 | 1 |
_a Zayd ibn Abu _998546 |
|
| 245 | 1 | 0 |
_aFirst steps in Muslim jurisprudence, consisting of excerpts from Bākūrat-al-saʻd of Ibn Abū Zayd, with Arabic text, English translation / _c ibn Abu Zayd |
| 260 |
_aLondon : _bLuzac, _c1906 [Reprinted 1963] |
||
| 300 |
_axxi, 121 p. ; _c20 cm. |
||
| 504 | _aIncludes Index | ||
| 650 | 0 |
_aIslamic law. _998547 |
|
| 650 | 0 |
_aMalikites _998548 |
|
| 700 | 1 |
_aRussell, Alexander David, _d1864- _eed. _998549 |
|
| 700 | 1 |
_aSuhrawardy, Abdullah al-Mamun, _cSir, _d1882-1935, _eed. _997489 |
|
| 942 |
_2ddc _cBK |
||
| 999 |
_c32394 _d32394 |
||